Guess the Gorillaz's song without hints #1 - Statistics

General Stats
  • This quiz has been taken 92 times
  • The average score is 24 of 68
Answer Stats
Answer % Correct
I
92%
you
78%
you
78%
you
78%
the
75%
the
75%
me
61%
me
61%
me
61%
no
61%
do
60%
do
60%
To
60%
He
58%
He
58%
it
54%
CHORUS
53%
CHORUS
53%
when
51%
be
44%
in
44%
don't
43%
don't
43%
Don't
43%
my
42%
all
39%
know
35%
know
35%
know
35%
get
33%
love
33%
there
33%
just
31%
Just
31%
got
29%
It's
29%
then
29%
then
29%
see
28%
let
25%
Cause
24%
From
24%
more
22%
mad
21%
won't
21%
comes
19%
If
19%
Summer
19%
Summer
19%
find
18%
I'll
18%
stop
18%
you'll
17%
you'll
17%
that's
15%
Money
13%
yeah
13%
years
13%
dawn
11%
sin
11%
Ten
11%
tonight
11%
bud
10%
flee
10%
passed
10%
sworn
10%
died
8%
loathe
8%
No matching quizzes found
Score Distribution
Percent of People with Each Score
Percentile by Number Answered
Your Score History
You have not taken this quiz